00485cam a22002051 4500001001300000003000400013005001700017008004100034010001700075035002000092040001800112042001200130050002200142100002200164245002300186260001900209300001900228500001500247999001700262sa 68002221 DLC20260227112440.0881029s1967 xx 000 0 benr  asa 68002221  a(OCoLC)23578208 aDLCcMiUdDLC apremarc00aPK1730.19.E94bB91 aDey, Mihir Kanti.10aByathāra dāna. a[n.p.]c[1967] a183 p.c19 cm. aRomanized. c78537d78537